| 000 | 00983nam a22002417a 4500 | ||
|---|---|---|---|
| 003 | PE SENCICO BE | ||
| 005 | 20251020182639.0 | ||
| 008 | 230703b |||||||| |||| 00| 0 eng d | ||
| 040 |
_aPE SENCICO BE _cPE SENCICO BE |
||
| 041 | _aspa | ||
| 084 |
_aI _aTOP _a2017 _bC93 |
||
| 100 | 1 |
_91199 _aChumacero Alzamora, Aldo Zecarlos |
|
| 245 | 1 |
_aColocación y cálculo de coordenadas de puntos topográficos / _cAldo Zecarlos Chumacero Alzamora |
|
| 260 |
_aLima : _c2017 |
||
| 300 |
_a28 h. : _bil. col., tabls. ; _c29 cm. |
||
| 502 | _aMonografía de Titulación.-- Servicio Nacional de Capacitación para la Industria de la Construcción. Escuela Superior Técnica. Carrera Profesional Técnica en Topografía y Geodesía, 2017. | ||
| 650 | 1 | 4 |
_94 _aTopografía |
| 650 | 2 | 4 |
_92 _aGeodesia |
| 650 | 2 | 4 |
_9911 _aGPS |
| 710 | 1 |
_aServicio Nacional de Capacitación para la Industria de la Construcción. _bEscuela Superior Técnica _91065 |
|
| 910 |
_bhfp _chfp |
||
| 942 |
_cMON _2ddc |
||
| 999 |
_c4221 _d4221 |
||